Loading...

Economics of power generation , transmission and distribution: a case study of Kerala

Bibliographic Details
Main Author: Pavithran, K.V
Format: Printed Book
Language:English
Published: New Delhi Serials publications 2005
Subjects:
LEADER 00830nam a2200253 a 4500
001 adlib96000001
003 ViArRB
005 20151026132223.0
008 960221s1955 dcuabcdjdbkoqu001 0deng d
020 |a 8186771581 
022
040 |a Adlib 
082 |a 33:621.311(548.3) 
245 |a Economics of power generation , transmission and distribution: a case study of Kerala 
250
260 |a New Delhi  |b Serials publications  |c 2005 
300 |a ix, 300p. 
500 |a   
100 |a Pavithran, K.V. 
700
942 |c BK  |6 _ 
653 |a Power generation- Kerala- Economic aspects  |a Kerala State Electricity Board- Techno economic analysis 
999 |c 44115  |d 44115 
952 |0 0  |1 0  |4 0  |6 336213115483_PAV  |7 0  |9 56311  |a UL  |b UL  |d 2010-06-16  |l 1  |o 33:621.311(548.3) PAV  |p 00057291  |r 2011-09-23  |s 2011-04-20  |w 2010-06-16  |y BK